书目信息 |
| 题名: |
古代汉语语法
|
|
| 作者: | 康瑞琮 著 | |
| 分册: | ||
| 出版信息: | 沈阳 辽宁人民出版社 1981 |
|
| 页数: | 325页 | |
| 开本: | 19cm | |
| 丛书名: | ||
| 单 册: | ||
| 中图分类: | H141 | |
| 科图分类: | ||
| 主题词: | 汉语-古代-语法 , 语法-汉语-古代 | |
| 电子资源: | ||
| ISBN: | ||
| 000 | 00636nam0 2200241 45 | |
| 001 | 0181009077 | |
| 005 | 20070805084524.71 | |
| 010 | @dCNY0.72 | |
| 091 | @a9090.10 | |
| 100 | @a19950525d1981 em y0chiy0121 ea | |
| 101 | 0 | @achi |
| 102 | @aCN@b210000 | |
| 105 | @ay z 000yy | |
| 200 | 10 | @a古代汉语语法@Agu dai han yu yu fa@f康瑞琮著@Fkang rui cong zhu |
| 210 | @a沈阳@c辽宁人民出版社@d1981 | |
| 215 | @a325页@d19cm | |
| 606 | @a汉语-古代-语法 | |
| 606 | @a语法-汉语-古代 | |
| 690 | @aH141@v3 | |
| 701 | 0 | @a康瑞琮@Akang rui cong@4著 |
| 801 | 0 | @aCN@bTSSF@c20070805 |
| 801 | 2 | @aCN@bNLC@c20070730 |
| 905 | @a10447@dH141@e10 | |
| 古代汉语语法/康瑞琮著.-沈阳:辽宁人民出版社,1981 |
| 325页;19cm |
| ISBN :CNY0.72 |
| ● |
| 相关链接 |
|
|
|
|
正题名:古代汉语语法
索取号:H141/10
 
预约/预借
| 序号 | 登录号 | 条形码 | 馆藏地/架位号 | 状态 | 备注 |
| 1 | 0072905 | 001526067 | 密集书库/ [索取号:H141/10] | 在馆 | |
| 2 | 0072907 | 001525013 | 密集书库/ [索取号:H141/10] | 在馆 | |
| 3 | 0072908 | 001525022 | 密集书库/ [索取号:H141/10] | 在馆 | |
| 4 | 0435799 | 204357999 | 密集书库/ [索取号:H141/10] | 在馆 | |
| 5 | 0435800 | 204358006 | 密集书库/ [索取号:H141/10] | 在馆 | |
| 6 | 0785486 | 207854865 | 密集书库/ [索取号:H141/10] | 在馆 | |
| 7 | 0785878 | 207858781 | 密集书库/ [索取号:H141/10] | 在馆 | |
| 8 | 0791735 | 207917352 | 密集书库/ [索取号:H141/10] | 在馆 |